| 000 | 00615nam a2200205Ia 4500 | ||
|---|---|---|---|
| 008 | 220216s9999 xx 000 0 und d | ||
| 100 | _aSenevirathna A M W K | ||
| 245 | 0 | _aCertification of planting material of rubber in Sri Lankan nurseries: Process, constraints and requirements | |
| 260 |
_bBulletin of the Rubber Research Institute of Sri Lanka _c2007 |
||
| 300 | _a27-31 | ||
| 650 | _aPlanting material | ||
| 650 | _aSri Lanka | ||
| 700 | _aChaminda | ||
| 700 | _ade Alwis M N | ||
| 700 | _aPathirana P D | ||
| 700 | _aSeneviratna P | ||
| 700 | _aWeerakoon U S | ||
| 700 | _aZoysa L | ||
| 942 | _cJS | ||
| 999 |
_c55276 _d55276 |
||